000 00345nam a2200133Ia 4500
008 241014s9999||||xx |||||||||||||| ||und||
020 _a81-239-1176-9
100 _aUdaykuar,Padmaja
245 0 _aTextbook of Medical Pharmacology
260 _bCBS Puiblisher & Distributors
_c2004
300 _a479
650 _aPharmacology
942 _bION
_cBK
999 _c17978
_d17978